000 00389nam a2200181Ia 4500
001 13931
005 20260306164837.0
008 260306t2006||||xx |||||||||||||| ||spa||
041 _aESP
082 _a005.73
_bK61
100 _aKleinberg, Jon
_eAUT
245 0 _aAlgortihm design
260 _c2006
300 _a
_c
650 _aGEN
654 _aCCC
942 _cLIB
_dJUS
_fJUS
_2ddc
_n
999 _c13931
_d13931